TREND marketing měsíčník pro marketingový management
Uložené v:
| Médium: | Seriál |
|---|---|
| Jazyk: | Czech |
| Vydavateľské údaje: |
Praha
Economia
|
| Predmet: | |
| Tagy: |
Žiadne tagy, Buďte prvý, kto otaguje tento záznam!
|
MARC
| LEADER | 00000nas1a2200000$$$4500 | ||
|---|---|---|---|
| 001 | 0024814 | ||
| 005 | 20231019100858.5 | ||
| 022 | |a 1214-9594 | ||
| 041 | 0 | |a cze | |
| 044 | |a CZ | ||
| 245 | 1 | 0 | |a TREND marketing |b měsíčník pro marketingový management |
| 264 | 1 | |a Praha |b Economia | |
| 500 | |a Od 1.1.2013 časopis nevychádza | ||
| 610 | 2 | 0 | |a marketing |
| 610 | 2 | 0 | |a stratégia marketingová |
| 610 | 2 | 0 | |a komunikácia marketingová |
| 610 | 2 | 0 | |a manažment |